Racing Quotes - Statistics

General Stats
  • This quiz has been taken 69 times
  • The average score is 8 of 25
Answer Stats
Hint Answer % Correct
If everything seems under control, you’re not going fast ______. Enough - Mario Andretti
88%
To ______ first, you must first ______. Finish - Juan Manuel Fangio
77%
He ran out of talent about halfway through the ______. Corner - Buddy Baker
59%
____________ are for people who can’t build engines. Aerodynamics - Enzo Ferrari
58%
If in doubt, ____ ___. Flat Out - Colin Mcrae
56%
_______ _______ _______, let's go racing! Boogity - Darrell Waltrip
52%
If you're not _____, you're not going fast enough. Scared - Ken Block
47%
Have you ever? No I've _____! Never - Darrell Waltrip
44%
Racing is ____, anything before or after is just waiting. Life - Steve McQueen
39%
Auto racing, bull fighting, and mountain climbing are the only real sports… all the others are _____. Games - Ernest Hemingway
34%
The lead car is absolutely unique, except for the one behind it which is _________. Identical - Murray Walker
31%
You can’t fix ______. Stupid - Larry Morgan
28%
"I'm going for first!" says John _______. Cleland - Murray Walker
22%
It's _______ baby! Bristol - Dale Earnhardt Jr
20%
Here comes _______ ______! Sebastian Vettel - David Croft
20%
The guy who designed this first corner should be taken into a dark room and ____ _____ ___ ____. Beat about the head - John Cleland
11%
If you ain't _______, you ain't tryin'. Cheatin - Junior Johnson
11%
Calling upon my years of experience, I _____ at the controls. Froze - Stirling Moss
9%
Good drivers have ____ _____ on the side windows. Dead Flies - Walter Rohrl
8%
Auto racing began ____ _______ after the second car was built. Five Minutes - Henry Ford
8%
I've got the willingness and _________ to try anything. Stupidity - Travis Pastrana
8%
His wife wears the ________ in that family and tells him what to do. Firesuit - Joey Logano
6%
After the third ____, I lost control... Flip - Don Roberts
6%
Mr. _______ – He builds fast trucks. Bentley - Ettore Bugatti
5%
We broke something, I think it was ________... Traction - Carl Edwards
5%
No matching quizzes found
Score Distribution
Percent of People with Each Score
Percentile by Number Answered
Your Score History
You have not taken this quiz